| 000 | 01202 a2200205 4500 | ||
|---|---|---|---|
| 001 | 36271 | ||
| 005 | 20260407155639.0 | ||
| 008 | 260407a1991 arg spa d | ||
| 003 | AR-UNSa-BCEJYS | ||
| 040 |
_aAR-UNSa-BCEJYS _bspa _cAR-UNSa-BCEJYS |
||
| 080 |
_a658.012.2 _xPlanificación. Programas. Planes. Medidas de apoyo a la planificación( Administración estratégica...) |
||
| 245 | 1 | 0 | _aDirección estratégica |
| 020 | _a968-422-868-6 | ||
| 264 | 1 |
_aMéxico : _bMcGraw-Hill _c1991 |
|
| 300 |
_a201 p. _c23 cm. |
||
| 505 | _aI.: El marco competitivo: 1. El potencial de beneficios de un negocio - 2. La esencia de los beneficios: la ventaja competitiva - 3. La estrategia competitiva - II.: Configurando la empresa : 5. Diversificación - 6. Integración vertical - 7. Estrategia internacional - 8. Competencia y cooperación - III.: La estrategia en acción: 9. Estrategia para sectores muy competitivos - 10. Estrategias para introducirse en nuevos negocios - 11. La estrategia en la práctica - 12. Nota sobre planificación estratégica - 13. Conclusión: Hacia la dirección estratégica. | ||
| 942 | _cBK | ||
| 590 | _aniveau_biblio:m niveau_hierar:0 | ||
| 100 | 1 | _aJarillo, José- Carlos | |
| 999 |
_c2628 _d2628 |
||